[Event "Gashimov Memorial Blitz 9th"]
[Site "Baku"]
[Date "2023.12.11"]
[Round "10"]
[White "Erigaisi, Arjun Kumar"]
[Black "Gelfand, Boris"]
[Result "1-0"]
[WhiteElo "2727"]
[BlackElo "2660"]
[PlyCount "105"]
[EventDate "2023.12.11"]
[EventType "tourn (blitz)"]
[EventRounds "18"]
[EventCountry "AZE"]
[EventCategory "18"]
[SourceTitle "CB50_2023"]
[SourceDate "2023.12.13"]
[SourceVersion "1"]
[SourceVersionDate "2023.12.13"]
[SourceQuality "1"]

1. c4 c5 2. Nc3 g6 3. g3 Bg7 4. Bg2 Nc6 5. d3 Nf6 6. Qd2 e6 7. b3 d5 8. Bb2 Rb8 9. cxd5 exd5 10. Nxd5 0-0 11. Nxf6+ Bxf6 12. Nf3 Re8 13. 0-0 Bg4 14. Rfe1 Qd6 15. h3 Bxf3 16. Bxf3 Bxb2 17. Qxb2 Nd4 18. Bg2 Qf6 19. Rab1 Re6 20. e3 Nf3+ 21. Bxf3 Qxf3 22. Qe2 Qf5 23. Kg2 Rd8 24. Red1 Red6 25. Rbc1 b6 26. Rc3 h5 27. f4 Qd7 28. a4 Re8 29. Qf3 f5 30. Kf2 Rde6 31. d4 Qg7 32. Rcd3 cxd4 33. Rxd4 Re4 34. R1d3 Qc7 35. Qd1 Rxd4 36. Rxd4 Qe7 37. Qd3 Qc5 38. Rc4 Qe7 39. Rc6 Kh7 40. Rd6 Qg7 41. Qd4 Re7 42. Qxg7+ Kxg7 43. Ke2 Rc7 44. Kd3 h4 45. gxh4 Kh6 46. b4 Kh5 47. b5 Rg7 48. e4 fxe4+ 49. Kxe4 Kxh4 50. Ke5 Kh5 51. Rd8 Kh4 52. Kf6 Rc7 53. Kxg6 1-0

[Event "Gashimov Memorial Rapid 9th"]
[Site "Baku"]
[Date "2023.12.10"]
[Round "7"]
[White "Radjabov, Teimour"]
[Black "Gelfand, Boris"]
[Result "0-1"]
[WhiteElo "2723"]
[BlackElo "2660"]
[PlyCount "64"]
[EventDate "2023.12.08"]
[EventType "tourn (rapid)"]
[EventRounds "9"]
[EventCountry "AZE"]
[EventCategory "18"]
[SourceTitle "CB50_2023"]
[SourceDate "2023.12.13"]
[SourceVersion "1"]
[SourceVersionDate "2023.12.13"]
[SourceQuality "1"]

1. e4 c5 2. Nf3 e6 3. d4 cxd4 4. Nxd4 Nf6 5. Nc3 Nc6 6. Nxc6 bxc6 7. e5 Nd5 8. Ne4 Bb7 9. Be2 c5 10. a3 f5 11. Bg5 Qb8 12. Nd6+ Bxd6 13. exd6 0-0 14. c4 Nf6 15. f3 a5 16. Qd2 e5 17. 0-0 Ra6 18. Rad1 Ba8 19. Rfe1 e4 20. b4 axb4 21. axb4 Qxb4 22. Qxb4 cxb4 23. c5 Ra5 24. Bxf6 gxf6 25. fxe4 fxe4 26. Bc4+ Kg7 27. Bd5 f5 28. Bxa8 Rfxa8 29. Rd5 b3 30. Kf2 Ra1 31. Rdd1 Rxd1 32. Rxd1 Kf6 0-1

[Event "Gashimov Memorial Rapid 9th"]
[Site "Baku"]
[Date "2023.12.09"]
[Round "4"]
[White "Gelfand, Boris"]
[Black "Vidit, Santosh Gujrathi"]
[Result "1/2-1/2"]
[WhiteElo "2660"]
[BlackElo "2737"]
[PlyCount "113"]
[EventDate "2023.12.08"]
[EventType "tourn (rapid)"]
[EventRounds "9"]
[EventCountry "AZE"]
[EventCategory "18"]
[SourceTitle "CB50_2023"]
[SourceDate "2023.12.13"]
[SourceVersion "1"]
[SourceVersionDate "2023.12.13"]
[SourceQuality "1"]

1. d4 d5 2. c4 e6 3. Nf3 Nd7 4. Nc3 Ngf6 5. Bf4 Bb4 6. cxd5 exd5 7. e3 Ne4 8. Qc2 g5 9. Be5 Nxe5 10. Nxe5 c6 11. Bd3 f6 12. Nf3 Qe7 13. 0-0 f5 14. Ne5 Bd6 15. f3 Nxc3 16. Qxc3 0-0 17. f4 Be6 18. fxg5 Qxg5 19. Rf3 Kh8 20. Raf1 Rf6 21. Rg3 Qh6 22. Rf4 Raf8 23. Rh3 Qg7 24. Rfh4 Bg8 25. Rh5 Bxe5 26. dxe5 Rg6 27. g3 Rg5 28. R3h4 Rxh5 29. Rxh5 f4 30. exf4 Rxf4 31. Rf5 Rg4 32. Qe1 Qe7 33. Qe3 c5 34. e6 c4 35. Qe5+ Rg7 36. Bc2 Qxe6 37. Qd4 Qb6 38. Qxb6 axb6 39. Rf4 b5 40. a3 Rf7 41. Kf2 Re7 42. Bd1 Bf7 43. Bf3 Kg7 44. g4 Re5 45. h4 h6 46. Bg2 Re7 47. Bf3 Rc7 48. Ke2 c3 49. bxc3 Rxc3 50. Rd4 Rxa3 51. Bxd5 Ra4 52. Ke3 Ra3+ 53. Kf4 Ra4 54. Ke3 Bxd5 55. Rxd5 Rxg4 56. Rxb5 Rxh4 57. Rxb7+ 1/2-1/2

[Event "Gashimov Memorial Rapid 9th"]
[Site "Baku"]
[Date "2023.12.08"]
[Round "3"]
[White "Abasov, Nijat Azad"]
[Black "Gelfand, Boris"]
[Result "1-0"]
[WhiteElo "2641"]
[BlackElo "2660"]
[PlyCount "73"]
[EventDate "2023.12.08"]
[EventType "tourn (rapid)"]
[EventRounds "9"]
[EventCountry "AZE"]
[EventCategory "18"]
[SourceTitle "CB50_2023"]
[SourceDate "2023.12.13"]
[SourceVersion "1"]
[SourceVersionDate "2023.12.13"]
[SourceQuality "1"]

1. e4 e5 2. Nf3 Nf6 3. d4 Nxe4 4. Bd3 d5 5. Nxe5 Nd7 6. Nc3 Nxe5 7. dxe5 Nc5 8. Nxd5 Nxd3+ 9. Qxd3 Be6 10. Nc3 Qxd3 11. cxd3 0-0-0 12. Ke2 Bc5 13. Be3 Bd4 14. Bxd4 Rxd4 15. Rhd1 Bf5 16. Rd2 Re8 17. Ke3 Rh4 18. d4 Rxh2 19. Rc1 Kb8 20. f4 f6 21. Ne4 Rh6 22. Kf3 Rg6 23. Nf2 h5 24. Rh1 Rh6 25. Ne4 b6 26. Ng3 Bg4+ 27. Ke4 Rf8 28. Rh4 g6 29. d5 fxe5 30. fxe5 g5 31. Rxg4 hxg4 32. e6 Kc8 33. Ke5 Rf4 34. Ne4 Rf1 35. d6 cxd6+ 36. Nxd6+ Kc7 37. Rc2+ 1-0

[Event "Amsterdam Levitov Rapid"]
[Site "Amsterdam"]
[Date "2023.09.26"]
[Round "18"]
[White "Gelfand, Boris"]
[Black "So, Wesley"]
[Result "1/2-1/2"]
[WhiteElo "2655"]
[BlackElo "2753"]
[PlyCount "109"]
[EventDate "2023.09.22"]
[EventType "tourn (rapid)"]
[EventRounds "18"]
[EventCountry "NED"]
[EventCategory "20"]
[SourceTitle "EXT 2024"]
[Source "ChessBase"]
[SourceDate "2023.10.10"]
[SourceVersion "1"]
[SourceVersionDate "2023.10.10"]
[SourceQuality "1"]

1. d4 Nf6 2. c4 e6 3. Nf3 d5 4. g3 Bb4+ 5. Bd2 Be7 6. Bg2 Nbd7 7. 0-0 0-0 8. Qc2 c6 9. Bf4 a5 10. h4 h6 11. Nbd2 Nh5 12. e3 g5 13. hxg5 hxg5 14. Be5 g4 15. Nh2 f6 16. Bf4 f5 17. f3 Nxf4 18. exf4 gxf3 19. Nhxf3 Nf6 20. Ne5 Bd6 21. Bf3 Bd7 22. Kg2 Be8 23. Rh1 Kg7 24. Rh4 Bg6 25. Nxg6 Kxg6 26. Rah1 Kf7 27. Qb3 Rb8 28. Qe3 Rg8 29. Kf2 Rg7 30. Rh6 Qd7 31. Rh8 Rxh8 32. Rxh8 Bb4 33. c5 Bxd2 34. Qxd2 Ne4+ 35. Bxe4 dxe4 36. Rh3 Kg6 37. Ke3 Rh7 38. Rh4 Qe7 39. Qg2 a4 40. a3 Qg7 41. Qh3 Rxh4 42. Qxh4 Qf6 43. Qh3 Qd8 44. g4 Qd5 45. Qh5+ Kg7 46. Qg5+ Kf7 47. Qh5+ Kg7 48. Qg5+ Kf7 49. Qh5+ Ke7 50. Qg5+ Kd7 51. Qg7+ Kc8 52. Qh8+ Kc7 53. Qe5+ Qxe5 54. dxe5 Kd7 55. g5 1/2-1/2

[Event "Amsterdam Levitov Rapid"]
[Site "Amsterdam"]
[Date "2023.09.25"]
[Round "13"]
[White "Gelfand, Boris"]
[Black "Kramnik, Vladimir"]
[Result "1/2-1/2"]
[WhiteElo "2655"]
[BlackElo "2753"]
[PlyCount "90"]
[EventDate "2023.09.22"]
[EventType "tourn (rapid)"]
[EventRounds "18"]
[EventCountry "NED"]
[EventCategory "20"]
[SourceTitle "EXT 2024"]
[Source "ChessBase"]
[SourceDate "2023.10.10"]
[SourceVersion "1"]
[SourceVersionDate "2023.10.10"]
[SourceQuality "1"]

1. d4 Nf6 2. c4 e6 3. Nf3 d5 4. g3 Bb4+ 5. Bd2 Be7 6. Bg2 0-0 7. 0-0 c6 8. Qc2 Nbd7 9. Bf4 b6 10. Nbd2 Bb7 11. e4 dxe4 12. Nxe4 c5 13. Nxf6+ Nxf6 14. Rad1 Qc8 15. Qe2 cxd4 16. Nxd4 a6 17. b3 Rd8 18. Nf5 exf5 19. Qxe7 Rxd1 20. Rxd1 Bxg2 21. Kxg2 h6 22. f3 b5 23. c5 Qe6 24. Qxe6 fxe6 25. c6 Nd5 26. c7 Rc8 27. Kf2 Kf7 28. Be5 g6 29. g4 fxg4 30. fxg4 Ke7 31. Rc1 Kd7 32. Rd1 Kc6 33. Kg3 Nxc7 34. Rd6+ Kb7 35. h4 b4 36. Rd7 Kc6 37. Rg7 Nb5 38. Rxg6 Kd5 39. Bg7 e5 40. Bxh6 Rc3+ 41. Kf2 Rc2+ 42. Kg3 Rc3+ 43. Kf2 Rc2+ 44. Kg3 Rc3+ 45. Kf2 Rc2+ 1/2-1/2

[Event "Amsterdam Levitov Rapid"]
[Site "Amsterdam"]
[Date "2023.09.25"]
[Round "12"]
[White "Grischuk, Alexander"]
[Black "Gelfand, Boris"]
[Result "1-0"]
[WhiteElo "2732"]
[BlackElo "2655"]
[PlyCount "93"]
[EventDate "2023.09.22"]
[EventType "tourn (rapid)"]
[EventRounds "18"]
[EventCountry "NED"]
[EventCategory "20"]
[SourceTitle "EXT 2024"]
[Source "ChessBase"]
[SourceDate "2023.10.10"]
[SourceVersion "1"]
[SourceVersionDate "2023.10.10"]
[SourceQuality "1"]

1. e4 c5 2. Nf3 e6 3. d4 cxd4 4. Nxd4 Nf6 5. Bd3 Nc6 6. Nxc6 dxc6 7. 0-0 e5 8. Nd2 Bc5 9. Nb3 Bb6 10. a4 a5 11. Nd2 Be6 12. Qe2 0-0 13. Nc4 Bc7 14. b3 b5 15. Nd2 Bg4 16. Nf3 bxa4 17. Rxa4 Nd7 18. Be3 Bb6 19. h3 Bxe3 20. Qxe3 Bxf3 21. Qxf3 Nc5 22. Rc4 Ne6 23. Qe3 Nd4 24. Ra1 Qc7 25. Rca4 c5 26. R1a2 Rfb8 27. Bc4 Rb4 28. c3 Rxa4 29. bxa4 Ne6 30. Rb2 Qd6 31. Bd5 Rb8 32. Rxb8+ Qxb8 33. Bxe6 fxe6 34. Qxc5 Qb1+ 35. Kh2 Qxe4 36. c4 Qf4+ 37. g3 Qf3 38. h4 h5 39. Qb6 Kh7 40. Kg1 Qd1+ 41. Kg2 Qxa4 42. Qxe6 Qd1 43. Qxe5 a4 44. Qe4+ Kg8 45. c5 a3 46. Qa8+ Kh7 47. Qxa3 1-0

[Event "Amsterdam Levitov Rapid"]
[Site "Amsterdam"]
[Date "2023.09.25"]
[Round "10"]
[White "Nepomniachtchi, Ian"]
[Black "Gelfand, Boris"]
[Result "1-0"]
[WhiteElo "2771"]
[BlackElo "2655"]
[PlyCount "83"]
[EventDate "2023.09.22"]
[EventType "tourn (rapid)"]
[EventRounds "18"]
[EventCountry "NED"]
[EventCategory "20"]
[SourceTitle "EXT 2024"]
[Source "ChessBase"]
[SourceDate "2023.10.10"]
[SourceVersion "1"]
[SourceVersionDate "2023.10.10"]
[SourceQuality "1"]

1. e4 c5 2. Nf3 e6 3. d4 cxd4 4. Nxd4 Nf6 5. Nd2 d6 6. Bd3 g6 7. Nc4 d5 8. exd5 Nxd5 9. 0-0 Bg7 10. c3 0-0 11. Be4 Nc6 12. Nxc6 bxc6 13. Qa4 Qc7 14. Qa5 Qb7 15. Rd1 Qa6 16. Qxa6 Bxa6 17. Na5 f5 18. Bf3 Nxc3 19. bxc3 Bxc3 20. Bh6 Bxa5 21. Bxf8 Rxf8 22. Rac1 Bb6 23. Rxc6 Re8 24. a4 Bb7 25. Rc4 Bxf3 26. gxf3 Kg7 27. Rd7+ Kf6 28. Rxh7 Rd8 29. a5 Bxa5 30. Rxa7 Bd2 31. f4 Rb8 32. Raa4 Rb7 33. Kf1 Rb3 34. Rd4 Bc1 35. Rac4 Bb2 36. Rd7 Rc3 37. Ra4 Bc1 38. Rd6 Rf3 39. Raa6 Bxf4 40. Rxe6+ Kf7 41. Rf6+ Ke7 42. Rxg6 1-0

[Event "Amsterdam Levitov Rapid"]
[Site "Amsterdam"]
[Date "2023.09.23"]
[Round "6"]
[White "Gelfand, Boris"]
[Black "Aronian, Levon"]
[Result "0-1"]
[WhiteElo "2655"]
[BlackElo "2742"]
[PlyCount "108"]
[EventDate "2023.09.22"]
[EventType "tourn (rapid)"]
[EventRounds "18"]
[EventCountry "NED"]
[EventCategory "20"]
[SourceTitle "EXT 2024"]
[Source "ChessBase"]
[SourceDate "2023.10.10"]
[SourceVersion "1"]
[SourceVersionDate "2023.10.10"]
[SourceQuality "1"]

1. d4 d5 2. Nf3 Nf6 3. c4 c6 4. Nc3 e6 5. e3 Be7 6. Qc2 0-0 7. b3 dxc4 8. Bxc4 b5 9. Bd3 Na6 10. a3 b4 11. Ne4 bxa3 12. Nxf6+ gxf6 13. Qe2 Qa5+ 14. Bd2 Nb4 15. 0-0 Qh5 16. Bc4 Nd5 17. e4 Nb6 18. Bd3 e5 19. Qe3 Bg4 20. Be2 Rfd8 21. dxe5 Bxf3 22. Bxf3 Qxe5 23. Bc3 Qg5 24. Qe2 Nd7 25. b4 Ne5 26. Bxe5 Qxe5 27. Rxa3 Bxb4 28. Ra6 Rd2 29. Qe3 Qc5 30. e5 Qxe3 31. fxe3 fxe5 32. Rxc6 Rad8 33. Rc7 R8d7 34. Rxd7 Rxd7 35. Rd1 Rc7 36. Bg4 a5 37. Rd7 Rc3 38. Bh5 Rxe3 39. Bxf7+ Kh8 40. Kf2 Rc3 41. Bd5 a4 42. Ke2 a3 43. Ra7 Bc5 44. Ra4 Kg7 45. Kd2 Re3 46. Ra5 Bd4 47. Ra6 Rc3 48. Be4 h5 49. h4 Rb3 50. Bd5 Re3 51. Rc6 e4 52. Rc4 Rd3+ 53. Ke2 Kf6 54. Bxe4 Re3+ 0-1

[Event "Amsterdam Levitov Rapid"]
[Site "Amsterdam"]
[Date "2023.09.22"]
[Round "3"]
[White "Gelfand, Boris"]
[Black "Grischuk, Alexander"]
[Result "1-0"]
[WhiteElo "2655"]
[BlackElo "2732"]
[PlyCount "69"]
[EventDate "2023.09.22"]
[EventType "tourn (rapid)"]
[EventRounds "18"]
[EventCountry "NED"]
[EventCategory "20"]
[SourceTitle "EXT 2024"]
[Source "ChessBase"]
[SourceDate "2023.10.10"]
[SourceVersion "1"]
[SourceVersionDate "2023.10.10"]
[SourceQuality "1"]

1. d4 Nf6 2. c4 e6 3. Nf3 d5 4. g3 Be7 5. Bg2 0-0 6. 0-0 dxc4 7. Qc2 a6 8. a4 Nc6 9. Qxc4 Bd7 10. Bd2 b5 11. Qc1 Nd5 12. axb5 axb5 13. Nc3 Rxa1 14. Qxa1 Nxc3 15. Bxc3 Bd6 16. Rd1 Ne7 17. e4 Nc8 18. b4 Nb6 19. d5 f6 20. e5 fxe5 21. Bxe5 Qe7 22. Bxd6 cxd6 23. dxe6 Bxe6 24. Re1 Qf6 25. Qxf6 Rxf6 26. Nd4 Bc4 27. Bc6 d5 28. Bxb5 Bxb5 29. Nxb5 Rc6 30. Re7 h6 31. Nd4 Rc4 32. Nf5 d4 33. Rxg7+ Kf8 34. Rb7 Rxb4 35. Nxd4 1-0

[Event "Amsterdam Levitov Rapid"]
[Site "Amsterdam"]
[Date "2023.09.22"]
[Round "5"]
[White "Gelfand, Boris"]
[Black "Mamedyarov, Shakhriyar"]
[Result "0-1"]
[WhiteElo "2655"]
[BlackElo "2734"]
[PlyCount "57"]
[EventDate "2023.09.22"]
[EventType "tourn (rapid)"]
[EventRounds "18"]
[EventCountry "NED"]
[EventCategory "20"]
[SourceTitle "EXT 2024"]
[Source "ChessBase"]
[SourceDate "2023.10.10"]
[SourceVersion "1"]
[SourceVersionDate "2023.10.10"]
[SourceQuality "1"]

1. d4 Nf6 2. c4 e6 3. Nf3 d5 4. g3 Be7 5. Bg2 0-0 6. 0-0 dxc4 7. Qc2 b6 8. Bg5 Nd5 9. Bxe7 Qxe7 10. Nbd2 Ba6 11. Nxc4 c5 12. dxc5 Rc8 13. Nce5 Rxc5 14. Qd2 Nd7 15. Rac1 Nxe5 16. Nxe5 Rac8 17. Rxc5 Qxc5 18. Rd1 f6 19. Nd3 Qb5 20. Rc1 Rxc1+ 21. Qxc1 Qd7 22. Qc2 Ne7 23. Nf4 e5 24. Qb3+ Kh8 25. Nd3 Bxd3 26. exd3 Nc8 27. Qc4 g6 28. Bd5 Nd6 29. Qb3 0-1

[Event "Amsterdam Levitov Rapid"]
[Site "Amsterdam"]
[Date "2023.09.22"]
[Round "1"]
[White "Gelfand, Boris"]
[Black "Nepomniachtchi, Ian"]
[Result "0-1"]
[WhiteElo "2655"]
[BlackElo "2771"]
[PlyCount "96"]
[EventDate "2023.09.22"]
[EventType "tourn (rapid)"]
[EventRounds "18"]
[EventCountry "NED"]
[EventCategory "20"]
[SourceTitle "EXT 2024"]
[Source "ChessBase"]
[SourceDate "2023.10.10"]
[SourceVersion "1"]
[SourceVersionDate "2023.10.10"]
[SourceQuality "1"]

1. Nf3 Nf6 2. c4 e6 3. g3 d5 4. d4 Be7 5. Bg2 0-0 6. 0-0 dxc4 7. Qc2 a6 8. a4 h6 9. Nbd2 Nc6 10. Nxc4 Nxd4 11. Nxd4 Qxd4 12. Rd1 Qa7 13. Be3 Bc5 14. b4 Bxe3 15. Nxe3 Qb8 16. Nc4 Nd5 17. Qb2 b5 18. Ne5 bxa4 19. Qd4 Qb5 20. Nd3 Bb7 21. e4 Nf6 22. Nc5 Bc6 23. Rxa4 Qb6 24. Ra5 Rfb8 25. f3 Be8 26. Rc1 Rd8 27. Qc3 Bb5 28. Bf1 Nd7 29. Bxb5 axb5 30. Rxa8 Rxa8 31. Qd4 Nxc5 32. Qxc5 Ra4 33. Qxb6 cxb6 34. Rc6 Rxb4 35. Rxb6 Rb2 36. Rb8+ Kh7 37. h4 g5 38. h5 Kg7 39. e5 b4 40. g4 b3 41. Kf1 f5 42. Rb7+ Kf8 43. gxf5 exf5 44. e6 f4 45. Kg1 Rb1+ 46. Kg2 b2 47. Rf7+ Ke8 48. Rb7 g4 0-1

[Event "Leon 36th"]
[Site "Leon"]
[Date "2023.07.09"]
[Round "2.4"]
[White "Gelfand, Boris"]
[Black "Santos Latasa, Jaime"]
[Result "1/2-1/2"]
[WhiteElo "2668"]
[BlackElo "2656"]
[PlyCount "52"]
[EventDate "2023.07.07"]
[EventType "k.o. (rapid)"]
[EventRounds "2"]
[EventCountry "ESP"]
[SourceTitle "CBM 215 Extra"]
[Source "ChessBase"]
[SourceDate "2023.09.30"]
[SourceVersion "1"]
[SourceVersionDate "2023.09.30"]
[SourceQuality "1"]

1. d4 Nf6 2. c4 e6 3. Nf3 d5 4. g3 dxc4 5. Bg2 Nbd7 6. 0-0 c6 7. a4 a5 8. Bd2 b6 9. Qc2 Bb7 10. Rd1 b5 11. Ne5 Qc8 12. Na3 Bxa3 13. bxa3 0-0 14. Rab1 Nxe5 15. dxe5 Nd7 16. Bc3 Nc5 17. Rd4 Nxa4 18. Rh4 h6 19. Bd2 f5 20. Bxh6 gxh6 21. Qc1 Qd7 22. Rxh6 Rf7 23. Qg5+ Rg7 24. Qh4 Rh7 25. Rg6+ Rg7 26. Rh6 Rh7 1/2-1/2

[Event "Leon 36th"]
[Site "Leon"]
[Date "2023.07.09"]
[Round "2.3"]
[White "Santos Latasa, Jaime"]
[Black "Gelfand, Boris"]
[Result "1-0"]
[WhiteElo "2656"]
[BlackElo "2668"]
[PlyCount "65"]
[EventDate "2023.07.07"]
[EventType "k.o. (rapid)"]
[EventRounds "2"]
[EventCountry "ESP"]
[SourceTitle "CBM 215 Extra"]
[Source "ChessBase"]
[SourceDate "2023.09.30"]
[SourceVersion "1"]
[SourceVersionDate "2023.09.30"]
[SourceQuality "1"]

1. e4 c5 2. Nf3 Nc6 3. Nc3 g6 4. d4 cxd4 5. Nxd4 Bg7 6. Be3 Nf6 7. Nb3 d6 8. Qd2 Be6 9. Be2 Rc8 10. f3 0-0 11. 0-0-0 Ne5 12. Kb1 a6 13. h4 h5 14. Bh6 Qb6 15. Bxg7 Kxg7 16. Nd4 Bc4 17. f4 Neg4 18. Bxg4 Nxg4 19. f5 Qa5 20. Rh3 e5 21. Nb3 Qd8 22. Qe1 f6 23. fxg6 Qb6 24. Rf3 Be6 25. Nd2 Rc6 26. Nd5 Bxd5 27. exd5 Rc7 28. Ne4 Rc4 29. c3 Rxe4 30. Qxe4 Nf2 31. Qf5 Ng4 32. Qxh5 Nh6 33. g4 1-0

[Event "Prague Masters 5th"]
[Site "Prague"]
[Date "2023.06.30"]
[Round "9"]
[White "Gelfand, Boris"]
[Black "Navara, David"]
[Result "1/2-1/2"]
[WhiteElo "2668"]
[BlackElo "2689"]
[PlyCount "112"]
[EventDate "2023.06.20"]
[EventType "tourn"]
[EventRounds "9"]
[EventCountry "CZE"]
[EventCategory "18"]
[SourceTitle "CBM 215 Extra"]
[Source "ChessBase"]
[SourceDate "2023.09.30"]
[SourceVersion "1"]
[SourceVersionDate "2023.09.30"]
[SourceQuality "1"]

1. Nf3 d5 2. g3 Nf6 3. Bg2 c6 4. 0-0 Bg4 5. h3 Bh5 6. d3 e6 7. c4 Bc5 8. Qb3 Bxf3 9. Bxf3 Qc7 10. Bg2 Nbd7 11. cxd5 exd5 12. e3 0-0 13. Nd2 a5 14. Qc2 a4 15. Rb1 Rfe8 16. Nf3 Bb6 17. b4 axb3 18. axb3 Ne5 19. b4 Nxf3+ 20. Bxf3 h5 21. Kg2 h4 22. g4 Qd6 23. Bd2 Nh7 24. e4 dxe4 25. Bxe4 Nf6 26. Bg5 Nd5 27. Qc4 Bc7 28. Rh1 Ra3 29. Bxd5 cxd5 30. Qc5 Rxd3 31. Qxd6 Bxd6 32. Rhd1 Rxd1 33. Rxd1 Bxb4 34. Rxd5 Be7 35. Be3 Rd8 36. Rb5 Rd7 37. g5 g6 38. Kf3 f6 39. Kg4 Kf7 40. Kxh4 fxg5+ 41. Bxg5 Rd4+ 42. Kg3 Rb4 43. Ra5 Bd6+ 44. Kf3 Ke6 45. Bd2 Rd4 46. Be3 Rd5 47. Ra7 b5 48. Rg7 Kf6 49. Rb7 b4 50. h4 Kf5 51. Rf7+ Ke6 52. Rg7 b3 53. Rb7 Rd3 54. Ke2 Rc3 55. Bd2 Rh3 56. Be3 Rxh4 1/2-1/2

[Event "Prague Masters 5th"]
[Site "Prague"]
[Date "2023.06.21"]
[Round "1"]
[White "Shankland, Samuel L"]
[Black "Gelfand, Boris"]
[Result "1/2-1/2"]
[WhiteElo "2711"]
[BlackElo "2668"]
[PlyCount "104"]
[EventDate "2023.06.20"]
[EventType "tourn"]
[EventRounds "9"]
[EventCountry "CZE"]
[EventCategory "18"]
[SourceTitle "CBM 215 Extra"]
[Source "ChessBase"]
[SourceDate "2023.09.30"]
[SourceVersion "1"]
[SourceVersionDate "2023.09.30"]
[SourceQuality "1"]

1. e4 c5 2. Nf3 e6 3. g3 d5 4. exd5 exd5 5. d4 cxd4 6. Nxd4 Nc6 7. Be3 Nf6 8. Bg2 Bb4+ 9. c3 Ba5 10. 0-0 0-0 11. Nd2 Re8 12. Re1 Bb6 13. N2f3 Bg4 14. Qd3 Bh5 15. Bg5 Rxe1+ 16. Rxe1 h6 17. Be3 Qd7 18. Nxc6 bxc6 19. c4 Re8 20. Bxb6 Rxe1+ 21. Nxe1 axb6 22. cxd5 cxd5 23. Nf3 Qc7 24. Qd1 Qc5 25. h3 Bg6 26. Qd4 Qa5 27. a3 Be4 28. Nd2 Bxg2 29. Kxg2 Qb5 30. a4 Qc6 31. Nf1 Qe6 32. Ne3 h5 33. g4 hxg4 34. hxg4 Kh7 35. Kf1 Qc6 36. Kg2 Qe6 37. Kf3 Qd6 38. Ke2 Qc6 39. g5 Ne4 40. f3 Nc5 41. Nxd5 Qxa4 42. Qxa4 Nxa4 43. b3 Nc5 44. b4 Nd7 45. f4 Kg6 46. Kf3 Kf5 47. Ne3+ Ke6 48. Ke4 g6 49. Nc4 f6 50. b5 fxg5 51. fxg5 Nc5+ 52. Kd4 Nb7 1/2-1/2

[Event "Astana Satty Zhuldyz Blitz"]
[Site "Astana"]
[Date "2023.04.25"]
[Round "18"]
[White "Gelfand, Boris"]
[Black "Erigaisi, Arjun Kumar"]
[Result "1/2-1/2"]
[WhiteElo "2678"]
[BlackElo "2701"]
[PlyCount "197"]
[EventDate "2023.04.24"]
[EventType "tourn (blitz)"]
[EventRounds "22"]
[EventCountry "KAZ"]
[EventCategory "17"]
[SourceTitle "CBM 213 Extra"]
[Source "ChessBase"]
[SourceDate "2023.05.31"]
[SourceVersion "1"]
[SourceVersionDate "2023.05.31"]
[SourceQuality "1"]

1. Nf3 d5 2. g3 g6 3. Bg2 Bg7 4. d4 Nf6 5. 0-0 0-0 6. c4 Nc6 7. cxd5 Nxd5 8. e3 Nb6 9. Nc3 a5 10. d5 Bxc3 11. dxc6 Bf6 12. Nd4 bxc6 13. Qc2 Bb7 14. Rd1 Qc8 15. Nxc6 a4 16. Bd2 a3 17. Bc3 Bxc6 18. Bxc6 axb2 19. Qxb2 Na4 20. Bxa4 Bxc3 21. Qxc3 Rxa4 22. Rd4 Ra7 23. a4 Qb7 24. h4 h5 25. a5 Qb5 26. Rc4 Qd7 27. Rc5 Rb8 28. Rc1 Rba8 29. Rxc7 Rxc7 30. Qxc7 Qxc7 31. Rxc7 Rxa5 32. Rxe7 Kg7 33. Kg2 Ra2 34. Rd7 Kf6 35. Kf3 Ke6 36. Rb7 Kf6 37. e4 Rc2 38. Ke3 Ra2 39. Rb6+ Kg7 40. f3 Ra3+ 41. Kf4 Ra5 42. Rd6 Rb5 43. Rd5 Rb4 44. g4 hxg4 45. Kxg4 Rb1 46. h5 gxh5+ 47. Rxh5 Kg6 48. Rg5+ Kf6 49. Ra5 Rg1+ 50. Kf4 Rh1 51. e5+ Ke6 52. Ra6+ Ke7 53. Ke4 Rh4+ 54. f4 Rh1 55. Ra7+ Kf8 56. Kf5 Rh5+ 57. Kg4 Rh6 58. Kg5 Rg6+ 59. Kf5 Rh6 60. Rd7 Ke8 61. Rd6 Rh4 62. Kg5 Rh1 63. Ra6 Rg1+ 64. Kf5 Rh1 65. Ra8+ Ke7 66. Ra7+ Kf8 67. Rd7 Ke8 68. Rb7 Kf8 69. Kg5 Rg1+ 70. Kf6 Rg6+ 71. Kf5 Rh6 72. Rd7 Ke8 73. Rd6 Rh1 74. Kf6 Rh6+ 75. Kg7 Rh4 76. f5 Rg4+ 77. Kf6 Rh4 78. Kg5 Rh1 79. Ra6 Ke7 80. Ra7+ Kf8 81. Ra8+ Ke7 82. f6+ Kd7 83. Rf8 Rg1+ 84. Kh6 Ke6 85. Re8+ Kf5 86. Kh7 Rg5 87. Re7 Kf4 88. e6 fxe6 89. f7 Rf5 90. Kg6 e5 91. Re6 Rxf7 92. Kxf7 e4 93. Rf6+ Kg3 94. Re6 Kf4 95. Ke7 e3 96. Kd6 Kf3 97. Kd5 e2 98. Kd4 Kf2 99. Kd3 1/2-1/2

[Event "Astana Satty Zhuldyz Blitz"]
[Site "Astana"]
[Date "2023.04.25"]
[Round "14"]
[White "Lagno, Kateryna"]
[Black "Gelfand, Boris"]
[Result "1/2-1/2"]
[WhiteElo "2560"]
[BlackElo "2678"]
[PlyCount "82"]
[EventDate "2023.04.24"]
[EventType "tourn (blitz)"]
[EventRounds "22"]
[EventCountry "KAZ"]
[EventCategory "17"]
[SourceTitle "CBM 213 Extra"]
[Source "ChessBase"]
[SourceDate "2023.05.31"]
[SourceVersion "1"]
[SourceVersionDate "2023.05.31"]
[SourceQuality "1"]

1. e4 c5 2. Nf3 e6 3. Be2 Nc6 4. 0-0 Nf6 5. Nc3 d5 6. exd5 exd5 7. d4 cxd4 8. Nxd4 Bc5 9. Nb3 Bb4 10. Bf3 Be6 11. Bg5 Bxc3 12. bxc3 0-0 13. Bxf6 Qxf6 14. Bxd5 Rfd8 15. c4 Nb4 16. Qd4 Nxd5 17. cxd5 Qxd4 18. Nxd4 Bxd5 19. Rfd1 Rac8 20. f3 Kf8 21. Rd2 Bc4 22. Rad1 Bxa2 23. Ne6+ Bxe6 24. Rxd8+ Ke7 25. Rxc8 Bxc8 26. Kf2 Bd7 27. Ke3 Bc6 28. Kd4 Kd6 29. c4 g5 30. c5+ Ke6 31. Re1+ Kf6 32. h3 h5 33. Re5 h4 34. Re1 a5 35. Ke3 Ke5 36. Rd1 a4 37. Rd3 Kf5 38. Rc3 Ke5 39. Rd3 Kf5 40. Rc3 Ke5 41. Rd3 f5 1/2-1/2

[Event "Astana Satty Zhuldyz Blitz"]
[Site "Astana"]
[Date "2023.04.24"]
[Round "4"]
[White "Gelfand, Boris"]
[Black "Keymer, Vincent"]
[Result "0-1"]
[WhiteElo "2678"]
[BlackElo "2700"]
[PlyCount "88"]
[EventDate "2023.04.24"]
[EventType "tourn (blitz)"]
[EventRounds "22"]
[EventCountry "KAZ"]
[EventCategory "17"]
[SourceTitle "CBM 213 Extra"]
[Source "ChessBase"]
[SourceDate "2023.05.31"]
[SourceVersion "1"]
[SourceVersionDate "2023.05.31"]
[SourceQuality "1"]

1. Nf3 d5 2. g3 Nf6 3. Bg2 c5 4. 0-0 e6 5. d4 cxd4 6. Nxd4 e5 7. Nb3 a5 8. Bg5 a4 9. N3d2 Be7 10. Bxf6 Bxf6 11. c4 d4 12. Na3 0-0 13. c5 Be7 14. Rc1 Nc6 15. Ndc4 Be6 16. Nb6 Ra5 17. Nxa4 Bd5 18. Nc4 Ra6 19. Ncb6 Bxg2 20. Kxg2 Bxc5 21. Rxc5 Rxb6 22. Nxb6 Qxb6 23. Qc2 e4 24. Rc1 Re8 25. Qc4 Qd8 26. b4 Qf6 27. b5 Ne7 28. Rc7 h5 29. Rd7 Nf5 30. Qd5 h4 31. Rcc7 Nh6 32. Qxd4 Qf5 33. Rd5 h3+ 34. Kf1 Qe6 35. Rcd7 Ng4 36. Rd8 Rxd8 37. Rxd8+ Kh7 38. Qd5 Qg6 39. Qd4 Nxh2+ 40. Kg1 Ng4 41. Rd5 f5 42. Rd6 Qh5 43. Rd7 Qh6 44. e3 h2+ 0-1